LEADER 01731oam 2200481M 450 001 9910716211603321 005 20200213070533.4 035 $a(CKB)5470000002520013 035 $a(OCoLC)1065844014 035 $a(OCoLC)995470000002520013 035 $a(EXLCZ)995470000002520013 100 $a20071213d1926 ua 0 101 0 $aeng 135 $aurcn||||||||| 181 $ctxt$2rdacontent 182 $cc$2rdamedia 183 $acr$2rdacarrier 200 10$aBridge across the Bayou Bartholomew in Morehouse Parish, La. March 9, 1926. -- Ordered to be printed 210 1$a[Washington, D.C.] :$c[U.S. Government Printing Office],$d1926. 215 $a1 online resource (2 pages) 225 1 $aSenate report / 69th Congress, 1st session. Senate ;$vno. 313 225 1 $a[United States congressional serial set ] ;$v[serial no. 8524] 300 $aBatch processed record: Metadata reviewed, not verified. Some fields updated by batch processes. 300 $aFDLP item number not assigned. 606 $aBridge construction industry 606 $aBridges$xDesign and construction 606 $aBridges 606 $aLegislative amendments 608 $aLegislative materials.$2lcgft 615 0$aBridge construction industry. 615 0$aBridges$xDesign and construction. 615 0$aBridges. 615 0$aLegislative amendments. 701 $aBingham$b Hiram$f1875-1956$pRepublican (CT)$0463205 801 0$bWYU 801 1$bWYU 801 2$bOCLCO 801 2$bOCLCQ 801 2$bOCLCO 906 $aBOOK 912 $a9910716211603321 996 $aBridge across the Bayou Bartholomew in Morehouse Parish, La. March 9, 1926. -- Ordered to be printed$93436092 997 $aUNINA LEADER 02278oam 2200589I 450 001 9910970791803321 005 20251116162103.0 010 $a1-138-91224-7 010 $a1-315-69204-X 010 $a1-317-43193-6 024 7 $a10.4324/9781315692043 035 $a(CKB)2670000000609879 035 $a(EBL)2028222 035 $a(SSID)ssj0001561909 035 $a(PQKBManifestationID)16204725 035 $a(PQKBTitleCode)TC0001561909 035 $a(PQKBWorkID)14833093 035 $a(PQKB)10988597 035 $a(MiAaPQ)EBC2028222 035 $a(OCoLC)907773490 035 $a(EXLCZ)992670000000609879 100 $a20180706e20151942 uy 0 101 0 $aeng 135 $aur|n|---||||| 181 $ctxt 182 $cc 183 $acr 200 12$aA dictionary of abbreviations $ewith especial attention to war-time abbreviations /$fEric Partridge 205 $a1st ed. 210 1$aAbingdon, Oxon ;$aNew York :$cRoutledge,$d2015. 215 $a1 online resource (108 p.) 225 1 $aRoutledge Revivals 300 $aFirst published in 1942 by George Allen and Unwin Limited. 311 08$a1-138-91212-3 311 08$a1-317-43194-4 327 $aCover; Title; Copyright; Original Title; Original Copyright 330 $a
First published in 1942, this dictionary was designed to help civilians and members of H.M. forces to make their way amid the jungle of wartime abbreviations. The preface notes that newspaper readers, sailors, soldiers and airmen had to thrust themselves, like explorers, into these abbreviations in search of truth, or the execution of their martial duty and hence, a dictionary was necessary. This book will be of interest to scholars of history and language, as well as the more general, interested reader.
410 0$aRoutledge revivals. 606 $aEnglish language$xJargon$vDictionaries 606 $aAbbreviations, English 615 0$aEnglish language$xJargon 615 0$aAbbreviations, English. 676 $a499.5 676 $a499/.5 676 $a423.15 700 $aPartridge$b Eric$f1894-1979.,$090783 801 0$bFlBoTFG 801 1$bFlBoTFG 906 $aBOOK 912 $a9910970791803321 996 $aA dictionary of abbreviations$94486339 997 $aUNINA